Great Literature #45 - Statistics

General Stats
  • This quiz has been taken 89 times
  • The average score is 9 of 20
Answer Stats
Hint Explanation Answer % Correct
Roald Dahl 1961 James and the Giant Peach
98%
Thomas More 1516 (Libellus vere aureus, nec minus salutaris quam festivus, de optimo rei publicae statu deque nova insula Utopia) Utopia
89%
Charles Dickens 1855-1857 (published serially) Little Dorrit
84%
P. G. Wodehouse 1925 Carry On, Jeeves
75%
Plato c. 385 - 370 BCE Symposium
71%
Edmund Spenser 1590 The Faerie Queen
60%
W. Somerset Maugham 1944 The Razor’s Edge
44%
Arthur Golden 1997 Memoirs of a Geisha
40%
Carlos Fuentes 1962 The Death of Artemio Cruz
40%
Joy Kogawa 1981 Obasan
37%
Gwendolyn Brooks 1953 Maud Martha
32%
Gertrude Stein 1909 Three Lives
32%
Susanna Clarke 2004 Jonathan Strange & Mr Norrell
30%
Thornton Wilder 1927 The Bridge of San Luis Rey
30%
Max Beerbohm 1911 Zuleika Dobson
27%
Peter Carey 1988 Oscar and Lucinda
25%
P. D. James 1992 The Children of Men
24%
Tobias Smollett 1771 The Expedition of Humphry Clinker
21%
Beryl Markham 1942 West with the Night
11%
Raymond Carver 1982 Where I’m Calling From
11%
No matching quizzes found
Score Distribution
Percent of People with Each Score
Percentile by Number Answered
Your Score History
You have not taken this quiz